000 00532cam a22002171 4500
001 sa 64008688
003 DLC
005 20260227112055.0
008 840814s1962 xx 000 0 tamo
010 _asa 64008688
035 _a(OCoLC)16763289
040 _aDLC
_cOrPS
_dDLC
042 _apremarc
050 0 0 _aPL4758.9.T487
_bN25
100 1 _aNagarajan, A. P.
245 1 0 _aTirumurai yāttirai.
260 _c[1962]
300 _aii, ii, 73 p.
_c18 cm.
500 _aRomanized.
630 1 0 _aTirumur̲ai.
_pTiruvācakam.
999 _c60967
_d60967